| 000 | 00415nam a22001577a 4500 | ||
|---|---|---|---|
| 999 |
_c11757 _d11757 |
||
| 008 | 210101b 2011 ||||| |||| 00| 0 eng d | ||
| 082 |
_a658.401 _bPRA |
||
| 100 | _aPradhan, Roli | ||
| 245 | _aStrategic Management | ||
| 260 |
_aNew Delhi _bAIMA-CME _c2011 |
||
| 300 | _a228p. | ||
| 650 | _aBusiness Strategy Formulation | ||
| 650 | _aInternational strategies | ||
| 650 | _astrategic leadership | ||
| 942 | _cBK | ||